Ends in 'DO' Quiz Stats

Quiz Updated Feb 16, 2012

Also try: Ends in 'ICA'
Challenge
Share
Tweet
Embed
Score 0/28 Timer 07:00
1 Play Today
Hint Answer % Correct
Key ingredient in Guacamoleavocado
90.2%
Formal weartuxedo
85.1%
Extinct flightless birddodo
84.1%
First name of a Lord of the Rings ringbearerFrodo
79%
A US stateColorado
76.3%
Home of the Magic KingdomOrlando
74.9%
Self-propelled underwater projectiletorpedo
74.3%
Hunchbacked bell-ringerQuasimodo
72%
Sex drivelibido
71.9%
Cream-based pasta saucealfredo
71.9%
Swimwear companySpeedo
70.9%
A ferocious funneltornado
54.5%
Lost city of goldEl Dorado
49.1%
Her song was sampled on Eminem's hit song 'Stan'Dido
48.2%
Hint Answer % Correct
An island in Indonesia known for its dragonsKomodo
47.4%
Swaggering courage or audacitybravado
47.1%
An Olympic sport, Japanese for 'gentle way'judo
45.7%
A system of principles or beliefscredo
38.2%
Brazilian soccer star who played for CorinthiansRonaldo
37.4%
An insinuationinnuendo
36.8%
This Japanese entertainment giant was founded as a card company in 1889Nintendo
33.9%
A gradual increase or the peak of the increasecrescendo
33.3%
Ricky Martin's former boy bandMenudo
32%
1973 Eagles song or 1995 Hayek movieDesperado
30.2%
1985 Schwarzenegger filmCommando
21.8%
Stanley Kowalski or Vito CorleoneMarlon Brando
21.2%
Gilbert & Sullivan comic operaThe Mikado
16.1%
A devotee or enthusiastaficionado
12.1%

You're not logged in!

Compare scores with friends on all Sporcle quizzes.
Sign Up with Email
OR
Log In

You Might Also Like...

Show Comments

Extras

Top Quizzes Today


Score Distribution

Your Account Isn't Verified!

In order to create a playlist on Sporcle, you need to verify the email address you used during registration. Go to your Sporcle Settings to finish the process.

Report this User

Report this user for behavior that violates our Community Guidelines.

Details: